Técnicas modernas aplicadas al análisis de pesticidas / (Record no. 72743)

MARC details
000 -LEADER
campo de control de longitud fija 00788nam a2200253 i 4500
001 - NÚMERO DE CONTROL
campo de control 72743
003 - IDENTIFICADOR DE NÚMERO DE CONTROL
campo de control ES-MaACL
005 - FECHA Y HORA DE LA ÚLTIMA TRANSACCIÓN
campo de control 20230906171536.0
007 - CAMPO FIJO DE DESCRIPCIÓN FÍSICA--INFORMACIÓN GENERAL
campo de control de longitud fija t|
008 - DATOS DE LONGITUD FIJA--INFORMACIÓN GENERAL
campo de control de longitud fija 040902s1967 sp ||||1| spa d
080 ## - NÚMERO DE LA CLASIFICACIÓN DECIMAL UNIVERSAL
Número de la Clasificación Decimal Universal 632.95:543
100 1# - ENTRADA PRINCIPAL--NOMBRE DE PERSONA
Nombre de persona Goded Mur, Antonino.
9 (RLIN) 57512
245 10 - MENCIÓN DEL TÍTULO
Título Técnicas modernas aplicadas al análisis de pesticidas /
Mención de responsabilidad, etc. Antonino Goded Mur ; prólogo Ángel Vian Ortuño.
250 ## - MENCION DE EDICION
Mención de edición 1ª ed.
260 ## - PUBLICACIÓN, DISTRIBUCIÓN, ETC.
Lugar de publicación, distribución, etc. Madrid :
Nombre del editor, distribuidor, etc. Dossat,
Fecha de publicación, distribución, etc. 1967.
300 ## - DESCRIPCIÓN FÍSICA
Extensión 462 p. :
Otras características físicas il. ;
Dimensiones 24 cm.
490 1# - MENCIÓN DE SERIE
Mención de serie Técnicas modernas aplicadas ;
Designación de volumen o secuencia 4
650 #4 - PUNTO DE ACCESO ADICIONAL DE MATERIA--TÉRMINO DE MATERIA
Término de materia o nombre geográfico como elemento de entrada Pesticidas.
9 (RLIN) 143524
700 1# - ENTRADA AGREGADA--NOMBRE PERSONAL
Nombre de persona Vian Ortuño, Ángel.
9 (RLIN) 114278
830 1# - PUNTO DE ACCESO ADICIONAL DE SERIE-TÍTULO UNIFORME
Título uniforme Técnicas modernas aplicadas ;
Designación de volumen o secuencia 4
9 (RLIN) 231124
852 4# - LOCALIZACIÓN
Ubicación ES-MaACL
Número de control de estantería C-32355
852 4# - LOCALIZACIÓN
Ubicación ES-MaACL
Número de control de estantería A-5970
Holdings
Estatus retirado Estado de pérdida Estado de daño No para préstamo Biblioteca de origen Biblioteca actual Ubicación en estantería Fecha de adquisición Fuente de adquisición Total de préstamos Signatura topográfica completa Código de barras Visto por última vez Precio de reemplazo Tipo de ítem Koha
        Biblioteca del Ateneo de Madrid Biblioteca del Ateneo de Madrid Sala Pecera Planta 1 06/09/2019     A-5970 1201087 23/02/2023 23/02/2023 Libro impreso
        Biblioteca del Ateneo de Madrid Biblioteca del Ateneo de Madrid Depósito 2 17/01/2008     C-32355 1076149 23/02/2023 23/02/2023 Libro impreso